Social problems in urbanization (Record no. 395089)

MARC details
000 -LEADER
fixed length control field 00508 a2200193 4500
005 - DATE & TIME
control field 20260209164819.0
008 - FIXED-LENGTH DATA ELEMENTS--GENERAL INFORMATION
fixed length control field 260209b |||||||| |||| 00| 0 eng d
020 ## - ISBN
International Standard Book Number 9789395975933
Price Rs. 3200.00
040 ## - CATALOGING SOURCE
Original cataloging agency VIVEKANANDA LIBRARY
082 ## - DDC NUMBER
Classification number 307.1
Book Number M474S
100 ## - MAIN ENTRY--PERSONAL NAME
Personal name Meher, Diptimanjari, ed.
245 ## - TITLE STATEMENT
Title Social problems in urbanization
260 ## - PUBLICATION, DISTRIBUTION, ETC. (IMPRINT)
Name of publisher, distributor, etc Sarup Book Publishers
Date of publication, distribution, etc 2026
Place of publication, distribution, etc New Delhi
300 ## - PHYSICAL DESCRIPTION
Pages v, 371
650 ## - Subject
Subject Sociology
650 ## - Subject
Subject Urban Sociology
650 ## - Subject
Subject Social Problems
942 ## - ADDED ENTRY ELEMENTS (KOHA)
Koha item type Books
Holdings
Withdrawn status Lost status Source of classification or shelving scheme Damaged status Not for loan Location (home branch) Sublocation or collection (holding branch) Shelving location Date acquired Koha issues (times borrowed) Koha full call number Accession No. Koha date last seen Koha item type
    Dewey Decimal Classification     VIVEKANANDA LIBRARY VIVEKANANDA LIBRARY Vivekananda Library 27/01/2026   307.1 M474S 444256 27/01/2026 Books
© Designed and Maintained by Vivekananda Library, MDU Rohtak